000 00975nam a22002417a 4500
999 _c12285
_d12285
003 AR-CdUCM
008 190408b ||||| |||| 00| 0 spa d
020 _a968-18-5292-3
040 _aMUNICIPALIDAD PROVINCIAL DEL CUSCO
_cBIBLIOTECA MUNICIPAL DEL CUSCO
082 _22ed.
_aES / 510 /
_bA44
100 _aAlmaguer, Guadalupe
_930066
245 _aMatemáticas 3 :
_bEnseñanza básica /
260 _aMéxico :
_bLimusa,
_c1996.
300 _a406 páginas
_c24 cm.
505 _aContenido :La raíz cuadrada y errores de aproximación -- El plano cartesiano y las funciones -- Operaciones con expresiones algebraicas -- Ecuaciones y sistemas de ecuaciones lineales -- Productos notables y factorización ...
650 _aCiencias puras
_920725
650 _aMatemáticas aplicadas
_930067
700 _aBazaldúa. Juan Manuel
_930068
700 _aCantú, Francisco
_930069
700 _aRodriguez, Leticia
_930070
942 _2ddc
_cLIBROS
945 _arum
_d2019-04-08